Guerra, drogas y política: elementos del mundo bipolar /
Bewaard in:
| Hoofdauteur: | |
|---|---|
| Formaat: | Texto |
| Online toegang: | _ |
| Tags: |
Voeg label toe
Geen labels, Wees de eerste die dit record labelt!
|
MARC
| LEADER | 00000 a a2200000 04500 | ||
|---|---|---|---|
| 001 | 42727 | ||
| 003 | |||
| 040 | |||
| 100 | |a Chomsky, Noam | ||
| 245 | |a Guerra, drogas y política: |b elementos del mundo bipolar / |c Noam Chomsky | ||
| 773 | |g número146 ( , 2009), páginas 1-9 | ||
| 856 | |u http://www.jornada.unam.mx/ |y _ |q URL | ||
| 999 | |c 32743 |d 32743 | ||
